|
|
|
|
| LEADER |
02126nam a2200529 i 4500 |
| 001 |
nkc20162860377 |
| 003 |
CZ PrNK |
| 005 |
20170418160151.0 |
| 007 |
ta |
| 008 |
161208t20162016xr a f 001 0 cze |
| 015 |
|
|
|a cnb002860377
|
| 020 |
|
|
|a 978-80-7492-271-8
|q (vázáno)
|
| 035 |
|
|
|a (OCoLC)987010017
|
| 040 |
|
|
|a BOA001
|b cze
|e rda
|
| 072 |
|
7 |
|a 616-053.2
|x Pediatrie
|2 Konspekt
|9 14
|
| 080 |
|
|
|a 616.43/.47-053.2
|2 MRF
|
| 080 |
|
|
|a 616.379-008.64-053.2
|2 MRF
|
| 080 |
|
|
|a (048.8:082)
|2 MRF
|
| 100 |
1 |
|
|a Lebl, Jan,
|d 1955-
|7 jn19990010093
|4 aut
|
| 245 |
1 |
0 |
|a Dětská endokrinologie a diabetologie /
|c Jan Lebl, Eva Al Taji, Stanislava Koloušková, Štěpánka Průhová, Marta Šnajderová, Zdeněk Šumník
|
| 250 |
|
|
|a První vydání
|
| 264 |
|
1 |
|a Praha :
|b Galén,
|c [2016]
|
| 264 |
|
4 |
|c ©2016
|
| 300 |
|
|
|a 616 stran :
|b ilustrace (převážně barevné) ;
|c 24 cm
|
| 336 |
|
|
|a text
|b txt
|2 rdacontent
|
| 337 |
|
|
|a bez média
|b n
|2 rdamedia
|
| 338 |
|
|
|a svazek
|b nc
|2 rdacarrier
|
| 500 |
|
|
|a Obsahuje rejstřík
|
| 521 |
8 |
|
|a Určeno odborné veřejnosti
|
| 650 |
0 |
7 |
|a dětská endokrinologie
|7 ph138847
|2 czenas
|
| 650 |
0 |
7 |
|a dětská diabetologie
|7 ph938748
|2 czenas
|
| 650 |
0 |
9 |
|a pediatric endocrinology
|2 eczenas
|
| 650 |
0 |
9 |
|a pediatric diabetology
|2 eczenas
|
| 655 |
|
7 |
|a kolektivní monografie
|7 fd501537
|2 czenas
|
| 655 |
|
9 |
|a collective monographs
|2 eczenas
|
| 700 |
1 |
|
|a Al Taji, Eva
|7 xx0074352
|4 aut
|
| 700 |
1 |
|
|a Koloušková, Stanislava,
|d 1956-
|7 xx0003804
|4 aut
|
| 700 |
1 |
|
|a Průhová, Štěpánka,
|d 1974-
|7 mzk2004252387
|4 aut
|
| 700 |
1 |
|
|a Šnajderová, Marta,
|d 1951-
|7 jn20000402858
|4 aut
|
| 700 |
1 |
|
|a Šumník, Zdeněk,
|d 1970-
|7 xx0036973
|4 aut
|
| 910 |
2 |
|
|a BOA001
|b 2-1378.211
|
| 990 |
|
|
|a BK
|
| 995 |
|
|
|a 01
|
| 991 |
|
|
|b 201612
|c NOV
|
| 996 |
6 |
|
|b 2610690417
|c 2-1378.211
|l MZK
|r Sklad / do 1 hodiny
|n 2
|p p.v.
|w 001591631
|u 000010
|a 1
|e BOA001
|j MZK50
|s P
|
| 996 |
6 |
|
|b 2610691915
|c 2-1378.211
|l MZK
|r STM 6p
|n 0
|p kup
|h 616-053.2 LEB
|w 001591631
|u 000020
|a 0
|e BOA001
|j MZK50
|s P
|
| 996 |
7 |
|
|b 2610691916
|c 2-1378.211
|l Vol.výběr
|r VV 1p
|n 7
|p kup
|h 616-053.2 LEB
|w 001591631
|u 000030
|a 0
|e BOA001
|j MZK50
|s A
|